[Event "Liepaja rap"]
[Site "Liepaja"]
[Date "2001.08.03"]
[Round "6"]
[White "Shirov, Alexei"]
[Black "Sadvakasov, Darmen"]
[Result "1-0"]
[WhiteElo "2706"]
[BlackElo "2568"]
[PlyCount "70"]
[EventDate "2001.08.02"]
[Source "ChessBase"]
[SourceDate "2001.11.13"]

1. e4 e6 2. d4 d5 3. Nc3 dxe4 4. Nxe4 Nd7 5. Nf3 Ngf6 6. Bg5 Be7 7. Nxf6+ Bxf6 8. h4 c5 9. Qd2 cxd4 10. O-O-O h6 11. Bxf6 Nxf6 12. Qb4 Qe7 13. Bb5+ Kf8 14. Qxd4 a6 15. Qd8+ Ne8 16. Bxe8 Qxd8 17. Rxd8 Ke7 18. Rxc8 Rxc8 19. Ba4 Rhd8 20. Bb3 Rc5 21. g4 h5 22. g5 Rf5 23. Rh3 Rf4 24. c3 Rd3 25. Bd1 e5 26. Be2 Rd5 27. c4 Ra5 28. a3 e4 29. Nd4 g6 30. Rh2 Kd6 31. Kd2 Ke5 32. Ke3 Rc5 33. b4 Rc8 34. Nb3 Rc7 35. c5 Rd7 1-0

[Event "Tilburg Interpolis"]
[Site "?"]
[Date "1991.??.??"]
[Round "7"]
[White "Timman, Jan H"]
[Black "Korchnoi, Viktor L"]
[Result "1-0"]
[WhiteElo "2630"]
[BlackElo "2615"]
[PlyCount "59"]
[EventDate "1991.??.??"]
[Source "www.chesslib.no"]
[SourceDate "2004.05.04"]

1. e4 e6 2. d4 d5 3. Nc3 dxe4 4. Nxe4 Nd7 5. Nf3 Ngf6 6. Bg5 Be7 7. Nxf6+ Bxf6 8. h4 c5 9. Qd2 cxd4 10. O-O-O e5 11. Re1 O-O 12. Nxe5 Re8 13. Nxf7 Rxe1+ 14. Qxe1 Kxf7 15. Bc4+ Kf8 16. Qe6 Bxg5+ 17. hxg5 Qxg5+ 18. Kb1 Ne5 19. Qg8+ Ke7 20. Re1 Bd7 21. Qxa8 Qd2 22. Rxe5+ Kf6 23. a3 Kxe5 24. Qb8+ Kf5 25. Qf8+ Kg4 26. Qf3+ Kh4 27. g3+ Kg5 28. Qd5+ Bf5 29. Qd8+ Kg6 30. Qe8+ 1-0

[Event "RUS-chT"]
[Site "Tomsk"]
[Date "2001.05.14"]
[Round "2"]
[White "Lastin, Alexander"]
[Black "Volkov, Sergey"]
[Result "1-0"]
[WhiteElo "2627"]
[BlackElo "2558"]
[PlyCount "81"]
[EventDate "2001.05.13"]
[Source "ChessBase"]
[SourceDate "2001.07.03"]

1. e4 e6 2. Nf3 d5 3. Nc3 Nf6 4. e5 Nfd7 5. d4 c5 6. dxc5 Nc6 7. Bf4 Bxc5 8. Bd3 f6 9. exf6 Nxf6 10. Qe2 O-O 11. O-O-O Bd7 12. Kb1 Rc8 13. Ne5 a6 14. Nxc6 Rxc6 15. Be5 Be8 16. f3 Nd7 17. Bg3 Be7 18. Qd2 Bg5 19. Qe1 Bf6 20. Bf2 Bf7 21. Ne2 Nc5 22. Bxc5 Rxc5 23. Nc1 Qb6 24. Nb3 Rfc8 25. g4 g6 26. f4 a5 27. a4 Be8 28. f5 exf5 29. gxf5 Bxa4 30. Qe2 Re8 31. Qg2 Bxb3 32. cxb3 Qxb3 33. fxg6 h6 34. g7 Rc7 35. Rhe1 Rd8 36. Rd2 Rxg7 37. Qh3 Bg5 38. Rde2 Qb4 39. Re8+ Rxe8 40. Rxe8+ Kf7 41. Qe6# 1-0

[Event "ROM-chT"]
[Site "Eforie Nord"]
[Date "2000.12.21"]
[Round "4"]
[White "Golubev, Mihail"]
[Black "Van Wely, Loek"]
[Result "1/2-1/2"]
[WhiteElo "2523"]
[BlackElo "2643"]
[PlyCount "23"]
[EventDate "2000.12.18"]
[Source "ChessBase"]
[SourceDate "2001.03.20"]

1. e4 e6 2. d4 d5 3. Nc3 dxe4 4. Nxe4 Nd7 5. Nf3 Ngf6 6. Bg5 Be7 7. Nxf6+ Bxf6 8. Bxf6 Qxf6 9. Qd2 O-O 10. O-O-O e5 11. dxe5 Nxe5 12. Nxe5 1/2-1/2

[Event "Leeuwarden 72/285"]
[Site "?"]
[Date "1997.??.??"]
[Round "?"]
[White "Dvoirys, Semen I"]
[Black "Ulibin, Mikhail"]
[Result "1-0"]
[WhiteElo "2615"]
[BlackElo "2535"]
[PlyCount "81"]
[EventDate "1997.??.??"]
[Source "ChessBase"]
[SourceDate "1998.02.01"]

1. e4 e6 2. d4 d5 3. Nd2 Nf6 4. e5 Nfd7 5. c3 c5 6. f4 Nc6 7. Ndf3 Qb6 8. Ne2 f6 9. Qb3 cxd4 10. Qxb6 Nxb6 11. Nexd4 Be7 12. Be3 O-O 13. O-O-O Bd7 14. exf6 Bxf6 15. g3 e5 16. fxe5 Nxe5 17. Nxe5 Bxe5 18. Bg2 Rae8 19. Nc2 Bg4 20. Rdf1 Rxf1+ 21. Rxf1 Be6 22. Nb4 a5 23. Bxb6 axb4 24. cxb4 Rc8+ 25. Kb1 g6 26. a4 Kg7 27. a5 Bd6 28. Bd4+ Kh6 29. b5 Bc5 30. Rd1 Bg4 31. Rd2 Bb4 32. Bc3 Bxc3 33. bxc3 Rxc3 34. Kb2 Rc4 35. Rxd5 Ra4 36. b6 Be6 37. Re5 Ra2+ 38. Kc3 Bc8 39. Be4 Rxh2 40. Rc5 Bf5 41. Bxb7 1-0

[Event "ch Gp2"]
[Site "?"]
[Date "1997.??.??"]
[Round "6"]
[White "Dzindzichashvili Roman"]
[Black "Gurevich Dmitry"]
[Result "1/2-1/2"]
[WhiteElo "2540"]
[BlackElo "2580"]
[PlyCount "23"]
[EventDate "1997.??.??"]
[Source "www.chesslib.no"]
[SourceDate "2004.05.04"]

1. e4 e6 2. d4 d5 3. Nc3 Nf6 4. Nb1 Nbd7 5. h4 Rg8 6. Be2 Nb8 7. Be3 Na6 8. Bb5+ c6 9. Bxc6+ Qd7 10. f4 Rh8 11. c4 dxc4 12. Qc2 1/2-1/2

[Event "FRA-ch"]
[Site "Meribel"]
[Date "1998.08.28"]
[Round "15"]
[White "Marciano, David"]
[Black "Vaisser, Anatoli"]
[Result "1/2-1/2"]
[WhiteElo "2525"]
[BlackElo "2575"]
[PlyCount "23"]
[EventDate "1998.08.14"]
[Source "ChessBase"]
[SourceDate "1998.11.30"]

1. e4 e6 2. d4 d5 3. Nd2 dxe4 4. Nxe4 Nd7 5. Nf3 Ngf6 6. Bg5 Be7 7. Nxf6+ Bxf6 8. Bxf6 Nxf6 9. Bd3 O-O 10. O-O b6 11. Qe2 Bb7 12. c3 1/2-1/2

[Event "It"]
[Site "Leipzig GER"]
[Date "1973.??.??"]
[Round "4"]
[White "Radke, Thomas"]
[Black "Tepel Juergen"]
[Result "1/2-1/2"]
[WhiteElo "2520"]
[BlackElo "2580"]
[PlyCount "36"]
[EventDate "1973.??.??"]
[Source "www.chesslib.no"]
[SourceDate "2004.05.04"]

1. d4 Nf6 2. Nc3 d5 3. Bg5 Nbd7 4. Nf3 e6 5. e4 dxe4 6. Nxe4 Be7 7. Nxf6+ Bxf6 8. Bxf6 Nxf6 9. Be2 b6 10. Ne5 Bb7 11. Bf3 Bxf3 12. Qxf3 Qd5 13. Qxd5 Nxd5 14. O-O-O f6 15. Nc4 Kf7 16. Rhe1 Rhe8 17. Ne3 Rad8 18. Nxd5 exd5 1/2-1/2

[Event "Open, Batumi GEO"]
[Site "?"]
[Date "2001.??.??"]
[Round "8"]
[White "Sturua, Z."]
[Black "Izoria, Z."]
[Result "1/2-1/2"]
[WhiteElo "2600"]
[BlackElo "2485"]
[PlyCount "92"]
[EventDate "2001.??.??"]
[Source "www.chesslib.no"]
[SourceDate "2004.05.04"]

1. e4 c6 2. d4 d5 3. f3 e6 4. Nc3 Nf6 5. e5 Nfd7 6. f4 c5 7. Nf3 Nc6 8. Be3 cxd4 9. Nxd4 Bc5 10. Qd2 O-O 11. O-O-O a6 12. h4 Nxd4 13. Bxd4 b5 14. Rh3 b4 15. Na4 Bxd4 16. Qxd4 a5 17. Bb5 Rb8 18. Bd3 Qc7 19. Rg3 Bb7 20. Re1 Bc6 21. Nc5 Nxc5 22. Qxc5 Rfc8 23. f5 Bb5 24. Qxc7 Rxc7 25. Bxb5 Rxb5 26. f6 g6 27. h5 Rbc5 28. Re2 Rc4 29. a3 Rh4 30. hxg6 hxg6 31. axb4 axb4 32. Kd2 Rd4+ 33. Rd3 Rdc4 34. Kd1 Rh4 35. g3 Rh1+ 36. Kd2 Rb1 37. b3 Rh1 38. Rd4 Rb7 39. Rf2 Kh7 40. Rh4+ Rxh4 41. gxh4 Kh6 42. c3 Kh5 43. Rf4 g5 44. hxg5 Kxg5 45. Rf1 bxc3+ 46. Kxc3 d4+ 1/2-1/2

[Event "VISA GP"]
[Site "Reykjavik"]
[Date "1998.03.11"]
[Round "2"]
[White "Thorhallsson, Throstur"]
[Black "Nijboer, Friso"]
[Result "1/2-1/2"]
[WhiteElo "2480"]
[BlackElo "2580"]
[PlyCount "88"]
[EventDate "1998.03.10"]
[Source "ChessBase"]
[SourceDate "1998.06.15"]

1. e4 c5 2. Nc3 e6 3. f4 d5 4. Nf3 Nf6 5. e5 Nfd7 6. d4 Nc6 7. Be3 a6 8. Qd2 b5 9. dxc5 Bxc5 10. Bxc5 Nxc5 11. Qf2 Qb6 12. Bd3 b4 13. Ne2 a5 14. O-O Ba6 15. Kh1 Ne7 16. Bxa6 Rxa6 17. Ned4 Ne4 18. Qe3 g6 19. Rad1 Nc6 20. Ng5 Nxg5 21. fxg5 Nxd4 22. Rxd4 Ra7 23. Qd3 Rc7 24. Rdf4 O-O 25. h4 Rc5 26. h5 Qc7 27. Qf3 Rc4 28. hxg6 hxg6 29. Rf6 Rh4+ 30. Kg1 Qe7 31. Qg3 Rh7 32. Qf4 Qc5+ 33. Rf2 Rg7 34. b3 Qa7 35. Kf1 Qa6+ 36. Kg1 Qa7 37. Kf1 Qb6 38. Rf3 Qb5+ 39. Ke1 Qd7 40. Rh3 Rh7 41. Rxh7 Kxh7 42. Qh4+ Kg8 43. Rf3 Qc7 44. Qh2 Qxc2 1/2-1/2

[Event "Rubinstein mem"]
[Site "Polanica Zdroj"]
[Date "1978.??.??"]
[Round "8"]
[White "Dorfman, Josif D"]
[Black "Farago, Ivan"]
[Result "1/2-1/2"]
[WhiteElo "2550"]
[BlackElo "2510"]
[PlyCount "33"]
[EventDate "1978.08.??"]
[Source "ChessBase"]

1. e4 e6 2. Nf3 d5 3. Nc3 Nf6 4. e5 Nfd7 5. d4 c5 6. dxc5 Nc6 7. Bf4 Bxc5 8. Bd3 f6 9. exf6 Nxf6 10. O-O O-O 11. Ne5 Bd7 12. Qe2 Qe7 13. Rae1 Rae8 14. h3 Nxe5 15. Bxe5 Bc6 16. a3 a6 17. b4 1/2-1/2

[Event "SUI-chT SMM"]
[Site "SUI"]
[Date "2003.??.??"]
[Round "6.1"]
[White "Landenbergue, Claude"]
[Black "Pelletier, Yannick"]
[Result "1/2-1/2"]
[WhiteElo "2434"]
[BlackElo "2622"]
[PlyCount "83"]
[EventDate "2003.??.??"]
[Source "Roberto Alvarez"]
[SourceDate "2003.10.13"]

1. e4 e6 2. Nc3 d5 3. Nf3 Nf6 4. e5 Nfd7 5. d4 c5 6. dxc5 Nc6 7. Bf4 Bxc5 8. Bd3 f6 9. exf6 Qxf6 10. Bg3 O-O 11. O-O Nd4 12. Nxd4 Bxd4 13. Qd2 Nc5 14. Rad1 Nxd3 15. Qxd3 Bb6 16. Na4 Bd7 17. Nxb6 axb6 18. Bd6 Rf7 19. Ba3 Ra4 20. c3 Rf4 21. f3 Bc6 22. g3 Rxf3 23. Rxf3 Qxf3 24. Qxf3 Rxf3 25. Rf1 Rxf1+ 26. Kxf1 Kf7 27. Kf2 e5 28. Bd6 Ke6 29. Bc7 b5 30. Ke3 b4 31. h4 Bb5 32. a3 b3 33. Bb8 Kf5 34. Bc7 Ba6 35. Bb8 Bf1 36. Bc7 Bg2 37. Bb8 Bh3 38. Bc7 Bf1 39. Bb8 Bc4 40. Bc7 e4 41. Bb6 Kg4 42. Kf2 1/2-1/2

[Event "Mind Sports Games - Blitz Team"]
[Site "Pechino CINA"]
[Date "2008.10.13"]
[Round "8"]
[White "Fier, A."]
[Black "Smerdon, D."]
[Result "1-0"]
[WhiteElo "2581"]
[BlackElo "2470"]
[PlyCount "85"]
[EventDate "2008.10.13"]
[Source "www.chesslib.no"]
[SourceDate "2004.05.04"]

1. e4 d5 2. Nc3 Nf6 3. e5 Nfd7 4. d4 e6 5. f4 c5 6. Nf3 Nc6 7. Be3 cxd4 8. Nxd4 Bc5 9. Qd2 O-O 10. O-O-O a6 11. Qf2 Nxd4 12. Bxd4 Qe7 13. Bd3 b5 14. Kb1 b4 15. Ne2 a5 16. Bb5 Bxd4 17. Nxd4 a4 18. Nc6 Qc5 19. Qxc5 Nxc5 20. Rd4 b3 21. cxb3 axb3 22. a4 Bb7 23. Rc1 Ne4 24. Ne7+ Kh8 25. Rc7 Ba6 26. Bxa6 Rxa6 27. Nc6 h6 28. a5 Rfa8 29. Rb4 Nc5 30. Rb5 Ne4 31. Kc1 g5 32. fxg5 hxg5 33. Rxb3 Rxc6+ 34. Rxc6 Rxa5 35. Rb7 Kg7 36. b4 Ra1+ 37. Kb2 Rg1 38. Rc2 d4 39. Rd7 Rd1 40. Rc4 Rd2+ 41. Kb3 Rxg2 42. Rcxd4 Nd2+ 43. Rxd2 1-0

[Event "Bad Zwesten GER"]
[Site "?"]
[Date "1998.??.??"]
[Round "7"]
[White "Baklan Vladimir"]
[Black "Luther Thomas"]
[Result "1/2-1/2"]
[WhiteElo "2540"]
[BlackElo "2510"]
[PlyCount "55"]
[EventDate "1998.??.??"]
[Source "www.chesslib.no"]
[SourceDate "2004.05.04"]

1. e4 e6 2. d4 d5 3. Nd2 dxe4 4. Nxe4 Nd7 5. Nf3 Ngf6 6. Bg5 Be7 7. Nxf6+ Bxf6 8. Bxf6 Nxf6 9. g3 Bd7 10. Bg2 Bc6 11. O-O O-O 12. Qd2 Bxf3 13. Bxf3 c6 14. c4 Qb6 15. Qc3 Rad8 16. Rfd1 Rd7 17. Rd2 Rfd8 18. Rad1 h6 19. b4 Qc7 20. Kg2 a6 21. a4 Qb6 22. a5 Qc7 23. Qe3 Qd6 24. Rb2 Qe7 25. Qe5 Ne8 26. Rbb1 Nd6 27. Qc5 Qf6 28. Rbc1 1/2-1/2

[Event "Elgoibar"]
[Site "Elgoibar"]
[Date "1997.11.27"]
[Round "2"]
[White "Korneev, Oleg"]
[Black "Lima, Darcy"]
[Result "1-0"]
[WhiteElo "2565"]
[BlackElo "2475"]
[PlyCount "116"]
[EventDate "1997.11.26"]
[Source "ChessBase"]
[SourceDate "1998.04.09"]

1. e4 e6 2. d4 d5 3. Nd2 Nf6 4. e5 Ne4 5. Nxe4 dxe4 6. Bc4 a6 7. Bb3 b5 8. Ne2 c5 9. c3 Bb7 10. O-O Nc6 11. Be3 Be7 12. Ng3 h5 13. Nxh5 g6 14. Nf4 cxd4 15. cxd4 Na5 16. Bc2 Nc4 17. Qb1 Bg5 18. Bxe4 Bxf4 19. Bxf4 Qxd4 20. Bxb7 Qxf4 21. g3 Qh6 22. h4 Rb8 23. b3 Nxe5 24. Qe4 O-O 25. Bxa6 Qh5 26. Bb7 Rfd8 27. Rac1 Rd7 28. Bc6 Rd2 29. b4 Rxa2 30. Rc5 f6 31. Qd4 Qg4 32. Qxg4 Nxg4 33. Bxb5 Rb2 34. Bd7 R2xb4 35. Bxe6+ Kg7 36. Rc7+ Kh6 37. Bxg4 Rxg4 38. Rd1 g5 39. hxg5+ Rxg5 40. Rdd7 Rb2 41. Kg2 Rg8 42. Rh7+ Kg6 43. Rh4 Rb5 44. f4 Ra8 45. Rhh7 Rb3 46. Rcg7+ Kf5 47. Rh5+ Ke6 48. Rc5 Kd6 49. Rc2 Raa3 50. Kh3 Ke6 51. Kh4 Rf3 52. Rc6+ Kf5 53. g4+ Kxf4 54. Rxf6+ Ke5 55. Rxf3 Rxf3 56. g5 Ke6 57. Kh5 Ra3 58. Kg6 Ra8 1-0

[Event "VIE-ch playoff"]
[Site "Vung Tau"]
[Date "2002.04.06"]
[Round "1"]
[White "Tu Hoang Thong"]
[Black "Dao Thien Hai"]
[Result "1/2-1/2"]
[WhiteElo "2506"]
[BlackElo "2528"]
[PlyCount "37"]
[EventDate "2002.04.06"]
[Source "ChessBase"]
[SourceDate "2002.05.03"]

1. e4 c5 2. Nc3 e6 3. f4 d5 4. Nf3 Nf6 5. e5 Nfd7 6. d4 Nc6 7. Be3 a6 8. Qd2 b5 9. g3 Be7 10. Bg2 O-O 11. O-O Bb7 12. Ne2 a5 13. dxc5 Nxc5 14. Nfd4 Ne4 15. Qc1 Nxd4 16. Nxd4 Bc5 17. Nb3 Bb6 18. c3 Qc7 19. Re1 1/2-1/2

[Event "MK Cafe op-A"]
[Site "Koszalin"]
[Date "1997.08.07"]
[Round "6"]
[White "Milos, Gilberto"]
[Black "Mirzoev, Azer"]
[Result "1/2-1/2"]
[WhiteElo "2590"]
[BlackElo "2430"]
[PlyCount "102"]
[EventDate "1997.08.03"]
[Source "ChessBase"]
[SourceDate "1997.09.26"]

1. e4 e6 2. d4 d5 3. Nc3 dxe4 4. Nxe4 Nd7 5. Nf3 Ngf6 6. Bg5 Be7 7. Nxf6+ Bxf6 8. Bxf6 Qxf6 9. Bc4 O-O 10. Qe2 b6 11. Bb5 Rd8 12. Bc6 Rb8 13. O-O Bb7 14. Bxb7 Rxb7 15. Rfd1 c6 16. Rd3 Qf5 17. Rad1 g6 18. Qd2 Kg7 19. Qc3 Qd5 20. Ne5 Rc7 21. Qd2 f6 22. c4 Qd6 23. Ng4 Qf8 24. Qh6+ Kg8 25. Qf4 Rcc8 26. h4 h5 27. Nh2 Kg7 28. Nf3 Qb4 29. b3 Nf8 30. Nh2 Qa5 31. Rf3 Qf5 32. Qd2 Qa5 33. Qf4 Qf5 34. Qd2 Qa5 35. Qb2 Rc7 36. Nf1 e5 37. b4 Qa6 38. Ne3 Rcd7 39. d5 cxd5 40. cxd5 Ne6 41. Kh2 Nf4 42. Qc2 Qc8 43. Qe4 a5 44. bxa5 bxa5 45. Rd2 Ra7 46. d6 Rf7 47. Nc4 Qg4 48. Ne3 Qc8 49. g3 Qd7 50. Qc2 Rc8 51. Qd1 Nd5 1/2-1/2

[Event "I Torneo Iberoamericano"]
[Site "Ayamonte"]
[Date "2004.11.14"]
[Round "4.5"]
[White "Hernandez, Gilberto"]
[Black "Galego, Luis"]
[Result "1-0"]
[WhiteElo "2502"]
[BlackElo "2515"]
[PlyCount "71"]
[EventDate "2004.11.11"]
[Source "Roberto Alvarez"]
[SourceDate "2004.11.22"]

1. e4 e6 2. d4 d5 3. Nc3 dxe4 4. Nxe4 Nf6 5. Bg5 Be7 6. Bxf6 gxf6 7. Nf3 b6 8. Bb5+ c6 9. Bd3 Bb7 10. Qe2 Qc7 11. O-O-O Nd7 12. Rhe1 b5 13. Kb1 Nb6 14. g3 Nd5 15. Nfd2 f5 16. Nc5 Bxc5 17. dxc5 O-O-O 18. a3 Nf6 19. c4 a6 20. Nf3 h5 21. Bc2 Nd7 22. Qe3 Nf6 23. Qc3 Ng4 24. Rxd8+ Qxd8 25. cxb5 axb5 26. Rd1 Qf6 27. Qxf6 Nxf6 28. Ne5 Rf8 29. Rd6 Ne8 30. Rd4 Nf6 31. h3 Nd5 32. Bd1 f6 33. Ng6 Rf7 34. Bxh5 Rh7 35. Rh4 e5 36. Bg4 1-0

[Event "ECC"]
[Site "Rethymnon"]
[Date "2003.10.02"]
[Round "5"]
[White "Socko, Bartosz"]
[Black "Pantsulaia, Levan"]
[Result "1/2-1/2"]
[WhiteElo "2551"]
[BlackElo "2461"]
[PlyCount "113"]
[EventDate "2003.09.28"]
[Source "Roberto Alvarez"]
[SourceDate "2003.10.06"]

1. e4 c6 2. d4 d5 3. f3 e6 4. Nc3 Nf6 5. e5 Nfd7 6. f4 c5 7. Nf3 Nc6 8. Be3 cxd4 9. Nxd4 Bc5 10. Qd2 O-O 11. O-O-O Nxd4 12. Bxd4 Bxd4 13. Qxd4 f6 14. Nxd5 fxe5 15. fxe5 Qg5+ 16. Qe3 Qxe3+ 17. Nxe3 Nxe5 18. Bb5 a6 19. Ba4 b5 20. Bb3 a5 21. Rd6 Re8 22. a4 Ra6 23. Bxe6+ Rxe6 24. Rd8+ Kf7 25. axb5 Ra8 26. Nd5 Bb7 27. Rf1+ Kg6 28. Rxa8 Bxa8 29. Nc7 Rb6 30. Nxa8 Rxb5 31. Nc7 Rc5 32. Ne6 Rc4 33. Nf4+ Kg5 34. Ne2 a4 35. h3 h5 36. Kd2 g6 37. c3 Rc6 38. h4+ Kxh4 39. Rf4+ Kg5 40. Rxa4 Rd6+ 41. Rd4 Nc4+ 42. Kc2 Rxd4 43. Nxd4 Kf4 44. b4 Ne3+ 45. Kd3 Nxg2 46. b5 Ke5 47. b6 Nf4+ 48. Kc4 Kd6 49. Kb5 Nd3 50. Ne6 Ne5 51. b7 Nc6 52. Kb6 h4 53. Ng5 Nb8 54. Ne4+ Kd5 55. Kc7 Na6+ 56. Kb6 Nb8 57. Kc7 1/2-1/2

[Event "Capablanca mem-A 13th"]
[Site "Cienfuegos City CUB"]
[Date "1976.05.24"]
[Round "8"]
[White "Bellon Lopez, Juan Manuel"]
[Black "Gulko, Boris F"]
[Result "1/2-1/2"]
[WhiteElo "2475"]
[BlackElo "2530"]
[PlyCount "62"]
[EventDate "1976.05.17"]
[Source "www.chesslib.no"]
[SourceDate "2004.05.04"]

1. e4 e6 2. Nc3 d5 3. Nf3 Nf6 4. e5 Nfd7 5. d4 c5 6. dxc5 Nc6 7. Bf4 Bxc5 8. Bd3 f6 9. exf6 Nxf6 10. O-O O-O 11. Ne5 Bd7 12. Nxc6 Bxc6 13. Qe2 Qd7 14. Be5 Qf7 15. Rae1 Nd7 16. Qg4 Rae8 17. Nb5 Nxe5 18. Rxe5 Qf6 19. Qe2 Bd7 20. c3 a6 21. Nd4 Bd6 22. Re3 e5 23. Rf3 Qg5 24. h4 Qxh4 25. Nf5 Bxf5 26. Bxf5 Qc4 27. Qxc4 dxc4 28. Rd1 Bc5 29. Be4 b5 30. Rd5 Rxf3 31. gxf3 Bf8 1/2-1/2

[Event "Metz op 15th"]
[Site "?"]
[Date "1997.??.??"]
[Round "5"]
[White "Haik Aldo"]
[Black "Eingorn Vereslav S"]
[Result "1/2-1/2"]
[WhiteElo "2410"]
[BlackElo "2595"]
[PlyCount "77"]
[EventDate "1997.??.??"]
[Source "www.chesslib.no"]
[SourceDate "2004.05.04"]

1. e4 e6 2. Nc3 d5 3. Nf3 Nf6 4. e5 Nfd7 5. d4 c5 6. dxc5 Nc6 7. Bg5 Be7 8. Bxe7 Qxe7 9. Bb5 Qxc5 10. O-O O-O 11. Re1 a6 12. Bd3 h6 13. Qd2 b5 14. a4 b4 15. Na2 Qe7 16. Nc1 f6 17. exf6 Qxf6 18. Nb3 Qxb2 19. Rxe6 Nc5 20. Ree1 Nxb3 21. cxb3 Qxd2 22. Nxd2 Nd4 23. Rac1 Be6 24. Rc7 a5 25. f3 Rf7 26. Rec1 Re8 27. Rxf7 Kxf7 28. Rc5 Rc8 29. Rxc8 Bxc8 30. Kf2 Kf6 31. Ke3 Ne6 32. g3 g5 33. f4 g4 34. Bh7 d4+ 35. Ke4 Bb7+ 36. Kd3 Ba6+ 37. Ke4 Bb7+ 38. Kd3 Ba6+ 39. Ke4 1/2-1/2

[Event "JUG-ch"]
[Site "Tivat"]
[Date "1994.??.??"]
[Round "6"]
[White "Barlov, Dragan"]
[Black "Drasko, Milan"]
[Result "0-1"]
[WhiteElo "2500"]
[BlackElo "2500"]
[PlyCount "58"]
[EventDate "1994.03.??"]
[Source "ChessBase"]

1. e4 e6 2. Nc3 d5 3. Nf3 Nf6 4. e5 Nfd7 5. d4 c5 6. dxc5 Nc6 7. Bf4 Bxc5 8. Bd3 f6 9. exf6 Qxf6 10. Bg3 O-O 11. O-O Nd4 12. Nd2 a6 13. Na4 Ba7 14. c4 b5 15. cxd5 bxa4 16. Ne4 Qh6 17. dxe6 Nxe6 18. Nd6 Ndc5 19. Bc4 Bd7 20. b4 axb3 21. axb3 Rab8 22. Qe1 Rxb3 23. Bxb3 Nxb3 24. Rxa6 Bd4 25. Qe2 Nbc5 26. Ra7 Bc6 27. Qg4 Qf6 28. Ra2 g6 29. Qd1 Qg5 0-1

[Event "Ubeda op"]
[Site "Ubeda"]
[Date "1998.01.24"]
[Round "5"]
[White "Ledger, Andrew"]
[Black "Kruppa, Yuri"]
[Result "0-1"]
[WhiteElo "2460"]
[BlackElo "2540"]
[PlyCount "98"]
[EventDate "1998.01.20"]
[Source "ChessBase"]
[SourceDate "1998.03.09"]

1. e4 e6 2. Nc3 d5 3. Nf3 Nf6 4. e5 Nfd7 5. d4 c5 6. dxc5 Nc6 7. Bf4 a6 8. Bd3 Nxc5 9. O-O Be7 10. Re1 O-O 11. a3 f5 12. exf6 Bxf6 13. Ne5 Nxe5 14. Bxe5 Bxe5 15. Rxe5 Qb6 16. Re3 Nxd3 17. Qxd3 Qxb2 18. Rae1 Qxa3 19. Rh3 g6 20. Rg3 Rf5 21. h4 Qc5 22. Qd2 Bd7 23. Nd1 Raf8 24. Re2 d4 25. c3 Rd5 26. Qc2 Kg7 27. c4 Rh5 28. Re4 e5 29. Qe2 Rhf5 30. h5 g5 31. Nb2 Rxf2 32. Qxf2 Rxf2 33. Kxf2 h6 34. Nd3 Qxc4 35. Rxe5 Bc6 36. Re7+ Kf8 37. Re1 Kg8 38. Ne5 Qc2+ 39. Kg1 Qd2 40. Nd3 Bb5 41. Rf3 g4 42. Rf4 Qxd3 43. Rxg4+ Kh8 44. Rg6 Qc3 45. Ree6 d3 46. Rxh6+ Kg7 47. Reg6+ Kf7 48. Rh7+ Kf8 49. Rxb7 Qd4+ 0-1

[Event "Open"]
[Site "Santo Domingo"]
[Date "2003.11.30"]
[Round "4"]
[White "Lugo, Blas"]
[Black "Luther, Thomas"]
[Result "1/2-1/2"]
[WhiteElo "2418"]
[BlackElo "2580"]
[PlyCount "85"]
[EventDate "2003.11.27"]
[Source "Roberto Alvarez"]
[SourceDate "2003.12.08"]

1. e4 Nf6 2. Nc3 d5 3. e5 Nfd7 4. Nf3 e6 5. d4 c5 6. dxc5 Nc6 7. Bf4 Be7 8. h4 Nxc5 9. Bd3 f6 10. Qe2 Nxd3+ 11. Qxd3 fxe5 12. Nxe5 O-O 13. Qg3 Bf6 14. Nxc6 bxc6 15. O-O-O Bxc3 16. bxc3 Rf7 17. Be5 a6 18. Rd4 Raa7 19. h5 h6 20. Rg4 Rab7 21. Rhh4 Qb6 22. Rg6 d4 23. Rxd4 c5 24. Rd6 Qb1+ 25. Kd2 Rbd7 26. Rgxe6 Rxd6+ 27. Rxd6 Bf5 28. Rd8+ Kh7 29. f4 c4 30. Qf3 Qxc2+ 31. Ke3 Bd3 32. Kd4 Qxa2 33. Qa8 Qf2+ 34. Kd5 Qxg2+ 35. Ke6 Qxa8 36. Rxa8 Rb7 37. Rxa6 Be2 38. Rc6 Bxh5 39. Kf5 Be2 40. Rc7 Bd3+ 41. Kg4 Rxc7 42. Bxc7 Kg6 43. Be5 1/2-1/2

[Event "Ch"]
[Site "?"]
[Date "2002.??.??"]
[Round "1"]
[White "Guseinov Gadir"]
[Black "Bagirov Rufat"]
[Result "1/2-1/2"]
[WhiteElo "2526"]
[BlackElo "2471"]
[PlyCount "42"]
[EventDate "2002.??.??"]
[Source "www.chesslib.no"]
[SourceDate "2004.05.04"]

1. e4 e6 2. Nc3 d5 3. Nf3 Nf6 4. e5 Nfd7 5. d4 c5 6. dxc5 Nc6 7. Bf4 Bxc5 8. Bd3 f6 9. exf6 Qxf6 10. Bg3 O-O 11. O-O a6 12. Qe2 Nd4 13. Nxd4 Bxd4 14. Rae1 Nc5 15. Bd6 Nxd3 16. Qxd3 Bxc3 17. bxc3 Rf7 18. f4 Bd7 19. Rf3 Rc8 20. Rg3 Rc4 21. Be5 Qf5 1/2-1/2

[Event "Philidor Memorial"]
[Site "Paris FRA"]
[Date "1995.??.??"]
[Round "10"]
[White "Rausis, Igors"]
[Black "Bricard, Emmanuel"]
[Result "1/2-1/2"]
[WhiteElo "2495"]
[BlackElo "2500"]
[PlyCount "45"]
[EventDate "1995.12.??"]
[Source "www.chesslib.no"]
[SourceDate "2004.05.04"]

1. e4 e6 2. Nc3 d5 3. Nf3 Nf6 4. e5 Nfd7 5. d4 c5 6. Be3 Nc6 7. Bb5 cxd4 8. Nxd4 Qc7 9. f4 Bc5 10. Qd2 a6 11. Be2 O-O 12. O-O-O b5 13. Nxc6 Qxc6 14. Bxc5 Nxc5 15. Bf3 Bb7 16. f5 b4 17. f6 gxf6 18. Qh6 fxe5 19. Qg5+ Kh8 20. Qf6+ Kg8 21. Qg5+ Kh8 22. Qf6+ Kg8 23. Qg5+ 1/2-1/2

[Event "It (Men) St Petersburg RUS"]
[Site "?"]
[Date "2005.07.13"]
[Round "7"]
[White "Solovjov Sergey I"]
[Black "Zakharevich Igor"]
[Result "1/2-1/2"]
[WhiteElo "2496"]
[BlackElo "2499"]
[PlyCount "83"]
[EventDate "2005.??.??"]
[Source "www.chesslib.no"]
[SourceDate "2004.05.04"]

1. e4 e6 2. d4 d5 3. Nc3 dxe4 4. Nxe4 Nd7 5. Nf3 Ngf6 6. Bg5 Be7 7. Nxf6+ Bxf6 8. h4 c5 9. Qd2 cxd4 10. Nxd4 O-O 11. O-O-O Qb6 12. g4 e5 13. Nf5 Nc5 14. Qe3 Bxf5 15. gxf5 Rac8 16. Rg1 Rfd8 17. Rxd8+ Qxd8 18. Bc4 e4 19. Bxf6 Qxf6 20. Qg5 Qxg5+ 21. hxg5 Nd3+ 22. cxd3 exd3 23. b3 b5 24. Kd2 bxc4 25. Rc1 h5 26. gxh6 gxh6 27. bxc4 Rc5 28. Kxd3 Kf8 29. f6 Rf5 30. c5 Ke8 31. Re1+ Kd8 32. Re7 Rxf6 33. Rxa7 Rxf2 34. Kc4 h5 35. a4 h4 36. Ra8+ Kc7 37. Rh8 Kc6 38. Rxh4 f6 39. Re4 Rc2+ 40. Kb4 Rb2+ 41. Kc3 Rb1 42. Re6+ 1/2-1/2

[Event "Wch-16 sf2"]
[Site "Wch-16 sf2"]
[Date "1992.??.??"]
[Round "?"]
[White "Glaser, Helmut F"]
[Black "Raedeker, Bernd"]
[Result "0-1"]
[WhiteElo "2440"]
[BlackElo "2545"]
[PlyCount "40"]
[EventDate "1992.??.??"]
[Source "www.chesslib.no"]
[SourceDate "2004.05.04"]

1. e4 e6 2. d4 d5 3. Nd2 Nf6 4. e5 Ne4 5. Nxe4 dxe4 6. Be3 c5 7. dxc5 Nd7 8. Qg4 Nxc5 9. Bxc5 Bxc5 10. Qxg7 Qa5+ 11. c3 Rf8 12. Ne2 Bd7 13. Qxh7 Bc6 14. Qh4 Rd8 15. Nf4 Ba3 16. Nxe6 fxe6 17. Qh5+ Kd7 18. b4 Bxb4 19. O-O-O+ Kc7 20. cxb4 Qxa2 0-1

[Event "Moscow RUS"]
[Site "?"]
[Date "2000.??.??"]
[Round "9"]
[White "Shabanov Yuri"]
[Black "Rychagov Andrey"]
[Result "1/2-1/2"]
[WhiteElo "2477"]
[BlackElo "2506"]
[PlyCount "53"]
[EventDate "2000.??.??"]
[Source "www.chesslib.no"]
[SourceDate "2004.05.04"]

1. e4 e6 2. Nf3 d5 3. Nc3 Nf6 4. e5 Nfd7 5. d4 c5 6. Bb5 Nc6 7. O-O Be7 8. dxc5 Qc7 9. Bf4 Nxc5 10. Re1 a6 11. Bf1 b5 12. a3 Bb7 13. b4 Nd7 14. Ne2 Nb6 15. Ned4 Nc4 16. Nxc6 Bxc6 17. Nd4 Bd7 18. Qh5 Qb6 19. Nb3 Qc7 20. Bd3 h6 21. h4 a5 22. Qg4 g5 23. hxg5 hxg5 24. Bg3 a4 25. Nc5 O-O-O 26. Bxc4 bxc4 27. Nxd7 1/2-1/2